00553cam a2200169 a 450000100100000000500170001000800410002704000230006808200180009110000310010924500870014026000330022730000210026050000340028165000440031565000240035900000310620200929150330.0831015s1978 uy 001 p spa  aDO-SdBNPcDLCdDLC aU861.3bF475h1 aFigueira, Gastón,d1905-10aHistoria crítica de la poesía estadounidense (1607-1977) /cGastón Figueira. aMontevideo :bRosgal,c1978. a161 p. ;c19 cm. aIncluye índice onomástico 4aPoesía uruguayaxHistoria y crítica 4aLiteratura uruguaya